| 000 | 03862nam a22004451 4500 | ||
|---|---|---|---|
| 005 | 20050808122104.0 | ||
| 008 | 721219s1962 nyu | 00| f eng | ||
| 010 | _aB-347063-078 | ||
| 020 |
_a9780007227259 _c295.00 |
||
| 020 |
_a0007227256 _c295.00 |
||
| 035 | _aB-347063-078 | ||
| 037 | _bAakar Books | ||
| 040 |
_adpl _bEnglish |
||
| 082 | _aN | ||
| 100 | _aKaufman, Jennifer | ||
| 110 | _aMack, Karen | ||
| 245 |
_aBook Lover : _cby Jennifer Kaufman [and] Karen Mack _ba novel / |
||
| 260 |
_aLondon _bHarper Perennial _c2007 |
||
| 270 |
_a77-85, Fulham Palace Road, Hammersmith, _b London _eW6 8JB |
||
| 300 |
_a325,17p _c20 cm. (pbk) |
||
| 700 | _aMack, Karen | ||
| 942 |
_2ddc _cEN _hN _mKAU |
||
| 999 |
_c23847 _d23847 |
||